[Event "FIDE Candidates 2026"]
[Site "Pegeia, Cyprus"]
[Date "2026.03.30"]
[Round "2.4"]
[White "Sindarov, Javokhir"]
[Black "Bluebaum, Matthias"]
[Result "1/2-1/2"]
[WhiteElo "2745"]
[BlackElo "2698"]
[Annotator "Mark Crowther"]
[PlyCount "84"]
[EventDate "2026.??.??"]
[TimeControl "40/7200:1800+30"]

{[%evp 0,84,30,22,22,22,55,-5,53,16,14,-4,-7,-44,-2,12,-1,-10,41,9,11,4,67,9,74,49,46,10,4,-49,-1,-25,7,5,18,-12,-11,2,-3,-3,12,-17,-24,-19,8,8,27,22,16,12,12,16,13,13,19,29,23,26,24,25,32,32,41,56,35,47,49,57,58,58,60,9,11,5,2,1,5,0,0,0,0,0,0,0,8,0,14]} 1. e4 e5 2. Nf3 Nf6 3. Nxe5 d6 4. Nd3 Nxe4 5. Qe2 Qe7 $1 6. Nf4 {C42: Petroff Defence: 3 Nxe5 and unusual White 3rd moves.} c6 {Repels Nd5} 7. f3 Nf6 8. d4 Bf5 ({RR} 8... Nbd7 9. Qxe7+ Bxe7 10. Bd3 O-O 11. Kf2 Re8 12. g4 Nb6 13. c3 Nfd5 14. h4 Nxf4 15. Bxf4 Nd5 16. Bd2 b5 17. a4 Bd7 18. axb5 cxb5 19. Na3 a6 20. Nc2 Bc6 21. b3 Nb6 22. c4 bxc4 23. bxc4 {Kabylbek,Y (2193)-Atwell,R (2337) chess.com INT 2026 0-1 (70)}) 9. c3 ({RR} 9. c4 h5 10. Nc3 Na6 11. Kf2 Nb4 12. Qd1 O-O-O 13. Nd3 d5 14. c5 Nxd3+ 15. Bxd3 Ne4+ 16. fxe4 dxe4 17. Be2 Qf6 18. Be3 Bxc5 19. Rf1 Qh4+ 20. Kg1 Bd6 21. Rxf5 Qxh2+ 22. Kf1 Qh1+ 23. Bg1 g6 {Carlsen,M (2859)-Rapport,R (2740) Wijk aan Zee NED 2023 1-0 (36)}) 9... Qxe2+ 10. Bxe2 h5 11. Na3 $146 {This seems a little bit odd but it is at least new.} ({Predecessor: RR} 11. Kf2 Nbd7 12. h4 O-O-O 13. Nd2 {1-0 Sivuk,V (2514)-Kacharava $146 (2424) EU-ch 20th Skopje 2019 (8)} d5 14. Nf1 Bd6 15. Ng3 Bc2 16. Bd2 Nf8 17. Rac1 Bxf4 18. Bxf4 {1-0 Sivuk,V (2514)-Kacharava,N (2424) EU-ch 20th Skopje 2019 (8)} Bg6 19. Bg5 Rd6 20. Rhe1 Re6 21. Bf1 Ne8 22. Ne2 Bf5 23. Red1 Nd6 24. b3 b5 25. Ng3 Bg6 {Sivuk,V (2514)-Kacharava,N (2424) Skopje 2019 1-0 (42)}) 11... Na6 12. Nc4 Nc7 13. Ne3 Bh7 14. h4 Kd7 {Black has a slightly passive position, but White's advantage is small and not so easy to convert to something concrete.} (14... Ne6 {is indicated by the computer as the most accurate way to equalize.}) 15. Kf2 Re8 $6 (15... d5 {would have prevented the pawn sacrifice that's indicated on the next move.}) 16. g3 (16. d5 $1 {was a fascinating pawn sacrifice that could have given White a significant advantage. The point is that this move disrupts Black's coordination. Seems like the right idea.} cxd5 17. g3 {For example, Black would have wanted to play ...d5 and ...Bd6. Now that's not possible, so if he develops with} Be7 18. Rd1 {White threatens to regain the pawn and then to pressure the remaining isolani on d6.}) 16... Ne6 17. Nh3 d5 18. Ng5 Bg6 19. Bf1 Nh7 20. Bh3 Nhxg5 21. hxg5 Kc7 22. Nf5 {Black equalizes directly after this move.} (22. Ng2 Bd6 23. Re1 Bc2 24. Bxe6 Rxe6 25. Bf4 {And White steers toward a better knight vs. bishop endgame, though the advantage is still minimal.}) 22... Bxf5 23. Bxf5 g6 24. Bc2 {White has the two bishops, but there's no advantage.} Bd6 25. Be3 (25. f4 {is met with the undermining} h4) 25... Re7 26. Rae1 Rhe8 27. f4 Ng7 28. Kf3 Kd7 29. Bf2 Rxe1 30. Bxe1 {Keeping rooks on, at least.} Rf8 31. g4 f5 32. gxh5 Nxh5 33. Bd2 Rh8 34. Bd3 Rh7 35. Bxf5+ {This forces further liquidation. White had no advantage anyway.} gxf5 36. g6 Rg7 37. Rxh5 $11 Ke6 $1 38. Rh6 Kf6 39. Be1 Rxg6 40. Rh7 Rg7 41. Rh6+ Rg6 42. Rh7 Rg7 1/2-1/2

[Event "FIDE Candidates 2026"]
[Site "Pegeia, Cyprus"]
[Date "2026.03.31"]
[Round "3.1"]
[White "Bluebaum, Matthias"]
[Black "Esipenko, Andrey"]
[Result "1/2-1/2"]
[WhiteElo "2698"]
[BlackElo "2698"]
[Annotator "Mark Crowther"]
[PlyCount "81"]
[EventDate "2026.??.??"]

{[%evp 0,81,22,29,23,6,6,6,4,4,26,4,4,10,22,22,50,42,42,35,43,34,42,48,46,28,55,39,66,7,28,29,0,-57,-24,-20,-21,-17,-7,-7,-7,-19,0,-33,-15,-19,8,0,-6,0,0,-8,-10,-23,-19,-29,-27,-51,-29,-29,-26,-24,-29,-35,-42,-39,-21,-34,-32,-29,-32,-40,-34,-37,-25,-29,-24,-26,-30,-30,-26,-30,-30,-29]} 1. d4 d5 2. c4 e6 3. Nf3 Nf6 4. Nc3 Be7 5. cxd5 exd5 6. Bf4 O-O 7. e3 c5 8. dxc5 Bxc5 9. Be2 Nc6 10. O-O Be6 11. Rc1 Rc8 12. Bd3 $146 ({RR} 12. Ne5 Bd6 13. Nxc6 bxc6 14. Qa4 Bxf4 15. Qxf4 c5 16. Rfd1 Rb8 17. b3 Rb4 18. Qe5 Re8 19. Na4 c4 20. Qa1 Qe7 21. Rd4 cxb3 22. axb3 Rxb3 23. Nc5 Rb6 24. Ra4 Ra8 25. h3 h6 26. Bd3 Rc6 {Tal,M-Keres,P Tbilisi 1959 ½-½ (35)}) ({RR} 12. Ne5 Bd6 13. Nxc6 bxc6 14. Qa4 c5 15. Bg3 Qb6 16. b3 Bxg3 17. hxg3 a5 18. Qb5 Qxb5 19. Bxb5 Rb8 20. Rfd1 Rfd8 21. Be2 g6 22. f3 h5 23. Kf2 Rdc8 24. Rd2 Rb4 25. Ba6 Ra8 26. Bd3 Rc8 {Khismatullin,D (2660)-Zvjaginsev,V (2680) Magnitogorsk 2011 0-1 (72)}) ({RR} 12. Nb5 Qe7 13. h3 Rfd8 14. Nbd4 Bb6 15. a3 h6 16. Qa4 Bd7 17. Bb5 Nxd4 18. Nxd4 Bxd4 19. Rxc8 Rxc8 20. Bxd7 Qxd7 21. Qxd4 a6 22. Be5 Rc4 23. Qd3 Ne4 24. b3 Rc5 25. f3 Ng5 26. Bxg7 Qb5 {Bluebaum,M (2679)-Rustemov,A (2525) chess.com INT 2026 1-0 (63)}) ({RR} 12. Nb5 Ne4 13. Nd2 Nxd2 14. Qxd2 Bb4 15. Qd3 Be7 16. Nd4 Nxd4 {½-½ (16) Schussler,H (2365)-Despotovic,M (2365) Smederevska Palanka 1979}) 12... h6 13. h3 a6 14. Bb1 $146 {White is slightly better.} ({Predecessor:} 14. a3 Qe7 15. Bb1 Rfd8 16. Nd4 Nxd4 17. exd4 Bd6 18. Qd2 Bxf4 19. Qxf4 Nh5 20. Qe5 {½-½ Tjiam,D (2379)-Pliester,L (2374) Bussum op 2009 (5)}) 14... Qe7 15. Re1 Rfd8 16. Re2 {[%eval -10,22] [%wdl 9,970,21]} (16. Nd4 $142 {[%eval 30,21] [%wdl 48,948,4]}) 16... d4 17. exd4 Nxd4 18. Rd2 {[%cal Rf3d4]} Nxf3+ 19. Qxf3 Rxd2 20. Bxd2 Rd8 21. Be3 Bxe3 22. Qxe3 Kf8 (22... Qb4 {keeps more tension.} 23. Qe2 Qf4 24. Rd1 Rxd1+ 25. Qxd1 g6) 23. a3 Bd7 24. Qxe7+ Kxe7 25. Re1+ Be6 26. Ne4 b6 27. Rc1 Rd4 28. Nc3 {[%eval -73,22] [%wdl 0,850,150] [#]} (28. Ng3 $11 {[%eval -22,22] [%wdl 0,994,6] remains equal.}) 28... Bc4 {[%eval -18,22] [%wdl 0,995,5]} (28... Nd5 $1 $17 {[%eval -73,22] [%wdl 0,850,150][%cal Rd5c3] Threatens to win with ...Nxc3.} 29. Nxd5+ Bxd5 (29... Rxd5 30. Be4 $15)) 29. Rd1 Rxd1+ 30. Nxd1 $15 {[%mdl 4096] Endgame KBN-KBN} Nd5 {[%eval 0,44] [%wdl 1,997,2]} (30... Kd6 $15 {[%eval -36,25] [%wdl 0,985,15] feels stronger.}) 31. Ne3 Nxe3 32. fxe3 $11 {KB-KB} g5 {The position is equal.} 33. g3 Kd6 34. Kf2 Ke5 35. h4 f6 36. Bc2 a5 37. Kf3 Be6 38. Bd3 Bd7 39. Bc2 Bc8 40. Bd3 Bd7 41. Bc2 1/2-1/2

[Event "FIDE Candidates 2026"]
[Site "Pegeia, Cyprus"]
[Date "2026.03.31"]
[Round "3.2"]
[White "Praggnanandhaa R"]
[Black "Sindarov, Javokhir"]
[Result "0-1"]
[WhiteElo "2741"]
[BlackElo "2745"]
[Annotator "Rafael Leitao"]
[PlyCount "80"]
[EventDate "2026.??.??"]
[WhiteTeam "IND"]
[BlackTeam "UZB"]
[WhiteClock "0:30:47"]
[BlackClock "0:32:10"]

{[%evp 0,80,22,12,19,6,6,-10,17,17,4,5,3,15,59,59,50,27,33,3,29,-33,-6,-5,53,56,56,40,63,63,66,66,58,-17,48,20,8,9,53,42,44,-46,-5,-22,-25,-45,-22,-9,-9,-43,-10,-31,-31,-61,56,49,38,38,52,3,25,22,60,-3,22,16,7,-32,-32,-132,-111,-428,-480,-550,-550,-550,-495,-638,-557,-497,-552,-552,-441]} 1. d4 {Mark Crowther: 'Postny,Evgeny'} d5 2. c4 e6 3. Nc3 Be7 4. Nf3 Nf6 {O Gambito da Dama Recusado é uma das defesas mais sólidas disponíveis para as Pretas, mas também pode levar a partidas explosivas, como esta demonstra.} 5. Bf4 {Antigamente, desenvolver o bispo em g5 era a linha principal indiscutível, mas isso mudou — o lance do bispo para f4 é mais popular hoje em dia.} O-O 6. e3 c5 {A abordagem mais direta. 6...Cbd7 é super sólido, quando as Brancas podem fechar a posição com 7.c5 e começa uma partida de manobras lentas. 6...b6 também é jogável.} ({RR} 6... Nbd7 7. c5) 7. dxc5 Bxc5 8. a3 Nc6 9. Qc2 Re8 $5 {Um lance moderno que já foi tentado por Carlsen, Anand e Nepomniachtchi, entre outros jogadores de destaque.} ({Mark Crowther: 'RR'} 9... Qa5 {é o lance mais popular. Você pode conferir no arquivo das Partidas do Dia a minha análise da partida Giri–Erdogmus, disputada este ano no torneio Tata Steel.}) 10. Bg5 {10.0-0-0 e 10.b4 são alternativas importantes. Sindarov disse que não conseguia se lembrar de sua preparação para esse lance, então começou a calcular. Mark Crowther: 'D37: Queen's Gambit Declined: 5 Bf4.'} (10. O-O-O) ({Mark Crowther: 'RR'} 10. b4 Bd6 ({RR} 10... e5 11. Bg5 d4 12. Bxf6 gxf6 13. Nd5 e4 14. bxc5 exf3 15. O-O-O) 11. Bxd6 Qxd6 12. c5 ({RR} 12. Be2 dxc4 13. Bxc4 Ne5) 12... Qe7 13. Rd1 Rd8 14. Be2 e5 15. O-O Bg4 16. Rfe1) ({RR} 10. Rd1 e5 11. Bg5 d4 12. Nd5 Be7 13. Bxf6 Bxf6 14. Bd3 g6 15. Nxf6+ Qxf6 16. O-O Bg4) ({RR} 10. cxd5 exd5 11. Be2 d4 12. Rd1 Bg4 13. O-O Qe7 14. Na4 Bxf3 15. Bxf3 dxe3 16. Nxc5 e2 17. Bxe2 Qxe2) 10... d4 $5 {Um lance corajoso.} ({Mark Crowther: 'RR'} 10... Be7 {é muito sólido e foi jogado por Carlsen em uma partida de blitz.} 11. Rd1 ({RR} 11. cxd5 Nxd5 12. Bxe7 Qxe7) ({RR} 11. O-O-O Bd7 ({RR} 11... Qa5 12. Bxf6 Bxf6 13. cxd5) 12. Bxf6 Bxf6 13. cxd5 exd5 14. Rxd5 Rc8) 11... Qa5 {Mark Crowther: 'RR'} 12. Be2 (12. Bd3 h6 13. Bh4 dxc4 ({RR} 13... a6 14. O-O ({RR} 14. cxd5 Nxd5 15. Bxe7 Ncxe7) 14... dxc4) 14. Bxc4 a6 15. O-O b5 16. Ba2 Bb7 17. Bb1 ({RR} 17. Bxf6 Bxf6 18. Ne4 ({RR} 18. Rd7 Re7) 18... Be7 19. Rd7 ({RR} 19. Nc5 Bxc5 20. Qxc5 Red8) 19... Qb6 20. Bb1 g6 21. h4 Rac8) 17... Rad8 18. Bxf6 Bxf6 19. Ne4 ({RR} 19. Qh7+ Kf8) 19... Be7 20. Nc5 Bxc5 21. Qxc5 b4 22. Rc1 ({RR} 22. Qxa5 Nxa5 23. axb4 Nc4 24. b3 Bxf3 25. Rxd8 ({RR} 25. gxf3 Nd2) 25... Rxd8 26. bxc4 Be2 27. Rc1 Bxc4) 22... bxa3 23. bxa3 Qxc5 24. Rxc5 Ne7 25. Rfc1 {Anand,V (2792)-Carlsen,M (2863) Sochi 2014 CBM 164 [Postny,Evgeny] ½-½ (41)} {RR} Bxf3 26. gxf3) 12... Ne4 13. Bxe7 (13. cxd5 Nxc3 14. Qxc3 Qxc3+ 15. bxc3 exd5 16. Bxe7 Nxe7 17. Nd4 Bd7) 13... Nxe7 {com igualdade em Firouzja–Carlsen, final de blitz do Speed Chess de Londres 2026.} 14. O-O Nxc3 15. bxc3 h6 16. cxd5 Nxd5 17. Rd3 e5 18. c4 Nf6 19. Rb3 Qc7 20. h3 b6 21. Rc1 Be6 22. Rc3 Nd7 23. Nd2 Nc5 24. Ne4 Rad8 25. Bg4 {Firouzja,A (2759)-Carlsen,M (2840) London ENG 2026 1-0 (49)}) 11. Bxf6 (11. O-O-O {é interessante:} e5 12. Nd5 Be6 (12... Be7 13. Nxe7+ Qxe7 14. exd4 Nxd4 ({RR} 14... Bg4 15. dxe5 ({RR} 15. d5 Nd4 16. Qd3 Bxf3 17. gxf3 b5) 15... Nxe5 16. Be2 b5 ({RR} 16... h6 17. Be3) 17. Rhe1 bxc4 18. Bxc4 Bxf3 19. gxf3 Qc7 20. Be2) 15. Nxd4 exd4 16. Rxd4 ({RR} 16. Kb1 h6 17. Bh4) 16... Qe5 17. Be3 b5 18. c5 Bf5 19. Bd3 Rac8 20. b4 Bxd3 21. Rxd3) 13. Bd3 h6 $1 14. Nxf6+ gxf6 15. Bxh6 Rc8 {com uma posição complicada. Nepomniachtchi venceu uma partida incrível. Drygalov,S – Nepomniachtchi, Aeroflot Open A de Moscou 2025.}) 11... Qxf6 (11... gxf6 $2 12. O-O-O {é claramente melhor para as Brancas.}) 12. Ne4 {Mark Crowther: 'White is slightly better.'} Qf5 {Há algumas partidas por correspondência nessa posição. A partida rapidamente se torna muito aguda e relevante do ponto de vista da teoria de abertura. Mark Crowther: 'N'} ({RR} 12... Qg6 13. O-O-O Bf8 14. exd4 e5 15. d5 Bf5 16. Bd3 Nd4 17. Nxd4 exd4 18. Ng3 Bxd3 19. Qxd3 Qa6 20. Kb1 Rac8 21. Rc1 Rc5 22. Qxd4 Rec8 23. Rhd1 Rxc4 24. Rxc4 Rxc4 25. Qd3 Qg6 26. Nf5 Rf4 27. Ne3 {Isik,A (2316)-Eke,S (2063) Denizli 2022 1-0 (70)}) 13. b4 {Sindarov ficou surpreso com esse lance. As Brancas têm duas opções interessantes.} (13. O-O-O $5 dxe3 14. fxe3 Bxe3+ 15. Kb1 {As Brancas têm boa compensação pelo peão sacrificado, mas tudo pode acontecer após} Qf4) (13. Bd3 $1 {é o meu favorito:} dxe3 14. O-O $1 (14. O-O-O {foi mencionado por Sindarov na entrevista após a partida.} exf2 15. Kb1 Rd8 {com uma luta de dois gumes. Sua avaliação de que as Pretas não estão piores está absolutamente correta.}) 14... exf2+ 15. Kh1 {As Pretas precisam jogar com muita precisão para sobreviver agora.} Rd8 $1 (15... Nd4 $2 {perde para} 16. Qxf2 $1 ({Mas não} 16. Nxd4 $2 Bxd4 17. Nd6 Qf4 $1 (17... Qh5 18. Nxe8 Bd7 19. Nxg7 (19. Nd6 Be5 20. h3)) 18. Nxe8 Be5 {quando as Pretas dão mate.})) (15... Qh5 16. Nxc5 Qxc5 17. Bxh7+ Kh8 18. Be4 {com a iniciativa para as Brancas.}) 16. Nxc5 Qxc5 17. Bxh7+ Kh8 18. Rxf2 {As Pretas conseguem se manter, mas é muito mais confortável jogar com as Brancas.}) 13... Nxb4 $5 {[%eval 60,21] [%wdl 128,872,0] Apenas esse lance é uma novidade. Ele parece muito natural do ponto de vista humano, sacrificando uma peça pela iniciativa, mas provavelmente não é o melhor lance de forma objetiva. Mark Crowther: 'N'} ({Mark Crowther: 'Predecessor:'} 13... Bf8 14. b5 {No mínimo, não é forçado.} Ne5 15. Nxd4 Qg6 {mais tarde terminou em empate em Machycek–Wydornik, ICCF por e-mail 2014.} 16. g3 a6 17. Bg2 Bd7 18. bxa6 bxa6 19. c5 Rac8 {½-½ Machycek,L (2394)-Wydornik,R (2196) FIN jub50 sf11 email ICCF email 2014}) (13... Be7 $5 {é a recomendação do meu computador. Algumas linhas intrigantes são mostradas, por exemplo:} 14. exd4 ({Ou} 14. b5 Ne5 15. Nxd4 Qg6 {com a ideia de f7-f5, com compensação pelo peão.}) 14... a5 $1 15. b5 Nxd4 $1 16. Nxd4 Qe5 17. O-O-O Rd8 18. Qd3 f5 {e parece que as Pretas têm jogo suficiente, mas devo admitir que esses lances são difíceis para o meu cérebro processar.}) 14. axb4 {Mark Crowther: '' Mark Crowther: 'A sharp opening'} Bxb4+ 15. Kd1 dxe3 {As Pretas sacrificaram uma peça por dois peões (se as Brancas capturarem em e3), mas o rei branco está preso no centro. A dama em f5 é uma peça ativa, mas também precisa lidar com alguns problemas. A avaliação do computador é de que “as Brancas estão ligeiramente melhor”, com uma vantagem de 0.50, mas o que isso significa em uma partida humana $2 O jogador que calcular melhor provavelmente sairá vencedor nessa posição tensa.} 16. Bd3 {[%eval 31,19] [%wdl 24,975,1]} (16. fxe3 $1 {[%eval 69,19] [%wdl 158,842,0] é mais simples e mais eficaz. Mark Crowther: 'is more appropriate.'} Rd8+ {Talvez Praggnanandhaa não quisesse permitir esse xeque, mas após} 17. Ke2 {As Brancas lutam pela vantagem.}) 16... Qg6 $1 {Um excelente lance, preparando f7-f5. Mark Crowther: 'Sindarov liked this move very much.'} (16... Qh5 $2 {remove a dama da diagonal, mas perde na hora após} 17. Qa4 $1 {com um ataque duplo.}) 17. fxe3 (17. Qa4 {agora é ruim, já que após} Rd8 18. Ke2 f5 {As Pretas têm a iniciativa.}) 17... f5 {Mark Crowther: '!'} 18. Ng3 {Mark Crowther: 'Strongly threatening Qa4.'} Bc5 {[%eval 56,19] [%wdl 84,916,0] O computador não se impressiona com esse lance, mas Sindarov gostou de sua posição nesse momento. As Pretas planejam b6-Bb7, com a iniciativa. O problema é que as Brancas podem jogar o forte 19.e4 $1.} (18... Qf6 $11 {[%eval 4,19] [%wdl 5,992,3]} 19. Ke2 b6) 19. Qc3 $2 {[%eval -53,18] [%wdl 0,928,72] Praggnanandhaa certamente não viu o próximo lance das Pretas. Mark Crowther: 'The game turns here.'} (19. Ke2 {defende o peão em e3, mas as Pretas podem seguir o plano geral com} b6 {seguido de Bb7, com uma excelente posição.}) (19. e4 $1 {[%eval 56,19] [%wdl 84,916,0] é a continuação correta. Mark Crowther: ''} Rd8 20. Ke2 f4 $1 {A melhor chance.} (20... Qh6 {Esse lance foi sugerido por Sindarov, mas após} 21. Rhd1 $1 {o xeque em e3 não é tão perigoso quanto parece, e as Brancas têm vantagem.}) 21. e5 $1 {Esta é a justificativa do jogo das Brancas.} Rxd3 22. Qxd3 Qxd3+ 23. Kxd3 fxg3 24. hxg3 {As Brancas têm qualidade a mais por um peão, mas os bispos das Pretas são poderosos e a partida está longe de decidida.}) 19... e5 $1 {O peão não pode ser capturado e agora as Pretas estão no controle. Mark Crowther: '!' Mark Crowther: 'Black has compensation.'} 20. Bc2 {As Brancas precisam recuar.} (20. Nxe5 $2 {perde material após} Qf6 21. Kc2 Rxe5 $19) 20... e4 {Mark Crowther: '!'} 21. Nd2 (21. Nd4 {é possível, mas a posição parece assustadora após} f4 $1 22. Nge2 {Aqui as Pretas têm alguns lances promissores.}) 21... Rd8 22. Kc1 Qg5 23. Re1 Qe7 {Sindarov joga com calma, melhorando sua dama e preparando Bb4. Embora a posição seja objetivamente equilibrada, na prática é muito mais fácil jogar com as Pretas.} 24. Re2 $6 {[%eval -116,18] [%wdl 0,294,706] Corretamente criticado por Sindarov.} (24. Rd1 {[%eval -28,20] [%wdl 1,980,19] mantém a partida equilibrada. Mark Crowther: '=' Mark Crowther: 'keeps the balance.'}) 24... Bb4 {Mark Crowther: ''} 25. Qb2 {Mark Crowther: '[#]'} a5 {[%eval -74,16] [%wdl 0,809,191]} ({Better is} 25... Be6 $1 {[%eval -119,17] [%wdl 0,260,740]} 26. Nb3 g6 (26... Bxc4 27. Nxf5 Qc7 28. Rf2 $15)) 26. Nb3 Ra6 {As Pretas simplesmente reforçam a posição.} 27. Nd4 Qg5 {[%eval -2,24] [%wdl 4,991,5] Mark Crowther: '?!'} (27... g6 {[%eval -75,18] [%wdl 0,798,202] é uma boa alternativa. A dama está bem posicionada em e7 e as Pretas podem completar o desenvolvimento com Bd7 em seguida. Mark Crowther: ''}) 28. Kb1 {Mark Crowther: '='} h5 {As Pretas seguem avançando e melhorando a posição. Mark Crowther: '' Mark Crowther: 'Black has the initiative.'} 29. Ka2 h4 30. Nf1 Bd7 31. Rd1 {Ambos os jogadores estavam com pouquíssimo tempo nesse momento. É muito mais fácil jogar lances naturais com as Pretas, enquanto as Brancas precisam ter cuidado a cada passo.} Rc8 32. Nd2 Rb6 {Mark Crowther: '!'} 33. c5 $2 {[%eval -248,15] [%wdl 0,0,1000] Um sacrifício de peão que se explica pelo apuro de tempo e pelo desejo natural de buscar alguma atividade em uma posição passiva. Mark Crowther: 'a serious mistake.'} (33. Rb1 {mantém tudo protegido.}) 33... Rxc5 (33... Bxc5 {é ainda melhor, segundo o computador.}) 34. Qb3+ {[%eval -354,18] [%wdl 0,0,1000] Praggnanandhaa segue direto para uma linha perdedora.} (34. Bb3+ {é melhor, mas após} Kh7 35. Nc4 Ra6 {as Pretas também estão ganhas.}) (34. Nc4 {[%eval -172,20] [%wdl 0,18,982]} Rh6 (34... Rxc4 35. Bb3 $16 {[%mdl 64] Pin}) 35. Nb3 Rxc4 36. Rxd7) 34... Kh8 {Mark Crowther: '-+'} 35. Qf7 $2 {[%eval -561,17] [%wdl 0,0,1000] Mark Crowther: '[#]'} (35. Nxe4 {[%eval -329,20] [%wdl 0,0,1000] keeps fighting.} fxe4 36. Rf1) 35... Rxc2+ $1 {Jogado instantaneamente. As Pretas estão completamente ganhas.} 36. Kb1 (36. Nxc2 Be6+ {perde a dama.}) 36... Rxd2 37. Rdxd2 Bxd2+ 38. Ka2 Bxe3 39. Qxd7 Bxd4 40. Qxd4 Qf6 {As partidas de Sindarov costumam ser grandes batalhas — ele está mostrando que sua boa forma recente continua e que é um sério candidato ao título.} 0-1